Zhouba Londýna /
Zatčením drogového bosse práce londýnských mužů a žen zákona nekončí, protože pachatel byl v tomto hororovém románu spolčen s nadpřirozenými temnými silami.
Uloženo v:
| Hlavní autor: | |
|---|---|
| Další autoři: | |
| Médium: | Kniha |
| Jazyk: | Czech |
| Vydáno: |
Praha :
Argo,
2019
|
| Vydání: | Vydání první |
| Edice: | Fantastika (Argo)
|
| Témata: | |
| Celkem bylo vypůjčeno: | 6x |
| Tagy: |
Žádné tagy |
| LEADER | 02328cam a2200421 i 4500 | ||
|---|---|---|---|
| 001 | 91097 | ||
| 003 | CZ PrSKC | ||
| 005 | 20240330065723.0 | ||
| 007 | ta | ||
| 008 | 190627s2019 xr g 000 f cze d | ||
| 015 | |a cnb003113067 | ||
| 999 | |c 91097 |d 91097 | ||
| 020 | |a 9788025728277 |q (brožováno) : |c Kč 328,00 | ||
| 040 | |a CBA001 |b cze |d ABG001 |e rda | ||
| 041 | 1 | |a cze |h eng | |
| 072 | 7 | |a 821.111-3 |x Anglická próza, anglicky psaná |2 Konspekt |9 25 | |
| 080 | |a 821.111-31 |2 MRF | ||
| 080 | |a (0:82-312.4) |2 MRF | ||
| 100 | 1 | |a Cornell, Paul, |d 1967- |7 xx0209766 |4 aut |9 110111 | |
| 240 | 1 | 0 | |a London falling. |l Česky |
| 245 | 1 | 0 | |a Zhouba Londýna / |c Paul Cornell ; z anglického originálu London falling ... přeložila Veronika Volhejnová |
| 250 | |a Vydání první | ||
| 264 | 1 | |a Praha : |b Argo, |c 2019 | |
| 300 | |a 351 stran ; |c 21 cm | ||
| 336 | |a text |b txt |2 rdacontent | ||
| 337 | |a bez média |b n |2 rdamedia | ||
| 338 | |a svazek |b nc |2 rdacarrier | ||
| 490 | 1 | |a Fantastika ; |v 104. svazek | |
| 520 | |a Zatčením drogového bosse práce londýnských mužů a žen zákona nekončí, protože pachatel byl v tomto hororovém románu spolčen s nadpřirozenými temnými silami. |b Jako by současní londýnští policisté neměli dost starostí s vnitřní politikou své organizace a osobními problémy, zadržení velké ryby, mafiána Toshacka, dopadá neslavně. Podezřelý ve výslechové místnosti sice vše přizná, ale po žádosti o přítomnost kněze umírá masivním vykrvácením bez zjevné příčiny. Zatímco všichni chtějí vysvětlení, pro vyšetřovatele začíná noční můra. Pozemskými forenzními metodami mají čelit okultnímu zlu, vpletenému do historie města. Souboj s temnotou, manifestovanou nefalšovanou čarodějnicí, promění i je samotné a odhalí jejich tajemství. | ||
| 655 | 7 | |a anglické romány |7 fd131814 |2 czenas |9 53421 | |
| 655 | 7 | |a horory (romány) |7 fd184202 |2 czenas |9 54252 | |
| 655 | 9 | |a English fiction |2 eczenas | |
| 655 | 9 | |a horror novels |2 eczenas | |
| 700 | 1 | |a Volhejnová, Veronika, |d 1962- |7 jn20010309724 |4 trl |9 21152 | |
| 830 | 0 | |a Fantastika (Argo) | |
| 910 | |a UOG502 | ||
| 942 | |2 ddc |c KN | ||
| 993 | |0 0 |1 421180091592 |2 ddc |4 0 |7 0 |9 78065 |b 0 |c 91592 |d 2019-07-30 |e 6 |f DOSP |h 328.00 |i Koupě |l DOSP |m 1 |q 2026-05-26 |r 2026-04-14 |s 2026-04-14 |t 6 |w 2019-07-30 |y KN |z SFF | ||